Lending market erratic as low interest rates match falling yields (Record no. 75789)

MARC details
000 -LEADER
fixed length control field 00677cab a2200169 4500
001 - CONTROL NUMBER
control field L130782
008 - FIXED-LENGTH DATA ELEMENTS--GENERAL INFORMATION
fixed length control field 050830n2005 000 0 eng u
035 ## - SYSTEM CONTROL NUMBER
System control number (Sirsi) u130782
041 0# - LANGUAGE CODE
Language code of text/sound track or separate title eng
245 00 - TITLE STATEMENT
Title Lending market erratic as low interest rates match falling yields
260 ## - PUBLICATION, DISTRIBUTION, ETC.
Date of publication, distribution, etc. 2005
490 #0 - SERIES STATEMENT
Series statement Property Week
Volume/sequential designation 70(34) 26 August 2005, 17(1)
520 ## - SUMMARY, ETC.
Summary, etc. Examines conditions in the property lending market in particular the Kingfisher./"Property Week" Index. There has been fluctuation in the market, which reflect the fluctuations in the five year interest rates. Graphs
590 ## - LOCAL NOTE (RLIN)
Local note IKA300805
690 ## - LOCAL SUBJECT ADDED ENTRY--TOPICAL TERM (OCLC, RLIN)
Topical term or geographic name as entry element PROPERTY-PROPERTY FINANCE AND INVESTMENT
942 ## - ADDED ENTRY ELEMENTS (KOHA)
Suppress in OPAC 0
Holdings
Withdrawn status Lost status Source of classification or shelving scheme Damaged status Not for loan Home library Current library Shelving location Date acquired Total Checkouts Full call number Barcode Date last seen Copy number Price effective from Koha item type
    Dewey Decimal Classification     London London Journal article 30/08/2005   L130782 130782-1001 06/08/2019 1 06/08/2019 Journal article